| 000 | 00539nam a22001937a 4500 | ||
|---|---|---|---|
| 003 | OSt | ||
| 005 | 20140310182844.0 | ||
| 008 | 130610t xxu||||| |||| 00| 0 eng d | ||
| 050 |
_aGV 508 _b.Ev93 1978 |
||
| 082 |
_aM 613.7045 _bEv2 1978 |
||
| 245 |
_aHow to flatten your stomach / _cEverroad, Jim |
||
| 260 |
_aLos Angeles : _bPrice / Stern / Sloan Publishers, Inc., _c1978 |
||
| 300 |
_a28 p. : _bill. ; _c22 cm. |
||
| 521 | _acollege students | ||
| 526 | _c1210L-1700L | ||
| 541 | _j1 | ||
| 562 | _e1 | ||
| 942 |
_2lcc _cBK _kM |
||
| 999 |
_c16899 _d16899 |
||